Responses for show #8373 - Wednesday, April 7, 2021

Champion's winnings & consolation amounts matched to the North Valley Community Foundation.

Contestants

Sebastián Martinez Valdivia, a public radio reporter from Columbia, Missouri

Amy Rey, a market researcher from Lawrenceville, New Jersey

Brandon Deutsch, a student from Long Beach, California (whose 2-day cash winnings total $47,625)

Jeopardy! Round responses

THE LOUISIANA PURCHASE
LITERARY ANIMALS
BUSINESS
HISPANIC AMERICANS
BROADWAY BOUND
CHESS TERMS
    $200 13
the Mississippi

Sebastián
    $200 20
Peter Rabbit

Brandon
    $200 29
Mobil

Brandon
    $200 2
(Sonia) Sotomayor

Amy
    $200 3
Madonna

Sebastián
    $200 24
a pawn

Sebastián
    $400 14
(Thomas) Jefferson

Brandon
    $400 11
Wilbur

Brandon
    $400 21
(Sebastián: What is John Deere?)

Caterpillar

BrandonSebastián
    $400 1
(Brandon: What is hysterectomy?)

sterilization

BrandonSebastián
    $1,200 7
(Amy: What is Cabaret?)

The Producers

Amy
    $400 25
(Brandon: What is--what is a premier?)

an opening

BrandonSebastián
    $600 15
the Rocky Mountains

Sebastián
    $600 12
owls

Sebastián
    $600 22
Pixar

Sebastián
    $600 4
the Department of Homeland Security

Sebastián
    $600 8
the Sister Act

Sebastián
    $600 26
a rook

Sebastián
    $800 16
the Federalists

Amy
    $800 18
Fantastic Mr. Fox

Sebastián
    $800 23
Kingsford

Triple Stumper
    $800 5
The Mambo Kings

Triple Stumper
    $800 9
(Joan) Collins

Amy
    $800 27
grandmaster

Triple Stumper
    $1000 17
(Charles-Maurice de) Talleyrand

Brandon
    $1000 19
(Sebastián: Who is Grizabella?)

Old Deuteronomy

Sebastián
Triple Stumper
    $1000 30
(Brandon: What is Cessna?)

Piper

Brandon
Triple Stumper
    $1000 6
Castro

Amy
    $1000 10
(Sebastián: Who is Stephen Sondheim?)

Neil Simon

BrandonSebastián
    $1000 28
a sacrifice

Sebastián

Scores at the first commercial break (after clue 15):

Brandon Amy Sebastián
$1,400 $800 $2,200

Scores at the end of the Jeopardy! Round:

Brandon Amy Sebastián
$1,800 $1,600 $4,400

Double Jeopardy! Round responses

WHAT A BUNCH OF CHARACTERS!
DISCOVERIES IN SCIENCE
5-LETTER CAPITALS
COMPOSERS
UNIFORMITY
STARTS & ENDS WITH "L"
    $400 12
Darth Vader

Amy
    $400 24
oxygen

Triple Stumper
    $400 6
Dhaka

Brandon
    $400 11
(Pyotr Ilyich) Tchaikovsky

Amy
    $400 20
(Sebastián: What is West Point?)
(Brandon: What is the Naval Institute? Or what is Annapolis?)
(Aaron: No.)

the Naval Academy

BrandonAmySebastián
    $400 1
a landfill

Amy
    $800 13
Shaggy

Brandon
    $800 25
a hormone

Amy
    $800 8
Accra

Brandon
    $800 16
Mendelssohn

Brandon
    $800 21
firefighter

Brandon
    $1,500 2
libel

Amy
    $1200 14
(Aaron: And thank you to Glenn Close.)

Fatal Attraction

Amy
    $1200 26
aftershocks

Amy
    $1200 7
Sofia

Sebastián
    $1200 17
(Aaron) Copland

Sebastián
    $1200 22
epaulets

Sebastián
    $1200 3
logroll

Triple Stumper
    $1600 15
Lucifer

Sebastián
    $1600 27
gamma rays

Sebastián
    $1600 9
Tokyo

Brandon
    $1600 18
(Aaron: I'm not gonna say his whole name, so just go again.)

Mozart

Brandon
    $1600 28
(Sebastián: What is a nurse?)

a candy striper

BrandonSebastián
    $1600 4
luminol

Triple Stumper
    $2000 23
(Amy: Who is Tyler Durgen?)

Tyler Durden

BrandonAmy
    $2000 29
Australopithecus

Brandon
    $4,000 10
Kabul

Brandon
    $2000 19
(Claude) Debussy

Amy
    $2000 30
toque

Amy
    $2000 5
lackadaisical

Sebastián

Scores at the end of the Double Jeopardy! Round:

Brandon Amy Sebastián
$17,800 $9,900 $11,200

[wagering suggestions for these scores]

Final Jeopardy! Round responses

NOTORIOUS
(Aaron: [To Amy] The spelling slightly off, but we're going to accept that. Accused of a double murder of her father and stepmother in 1892, and later acquitted.)
AmyWho is Lizzy Borden?
$0
SebastiánWho is Lizzie Borden?
$11,199
BrandonWho is Lizzie Borden?
$4,601
Lizzie Borden

Final scores:

Brandon Amy Sebastián
$22,401 $9,900 $22,399
3-day champion: $70,026 3rd place: $1,000 2nd place: $2,000

Game dynamics:

Coryat scores:

Brandon Amy Sebastián
$15,800 $10,400 $11,200
18 R
(including 1 DD),
4 W
14 R
(including 1 DD),
2 W
(including 1 DD)
19 R,
5 W

Combined Coryat: $37,400

The J! Archive is created by fans, for fans. The Jeopardy! game show and all elements thereof, including but not limited to copyright and trademark thereto, are the property of Jeopardy Productions, Inc. and are protected under law. This website is not affiliated with, sponsored by, or operated by Jeopardy Productions, Inc. Join the discussion at JBoard.tv.